Les Hautes-Alpes en images - Statistiques

Statistiques générales
  • Ce quiz a été pris 119 fois
  • Le résultat moyen est 10 sur 18
Statistiques - réponses
Par images Hint Réponse % Correct
Ville Gap
93%
Ville Briançon
82%
Sport Hockey sur glace
79%
Rivière Durance
75%
Lac artificiel Lac de Serre-Ponçon
75%
Parc national Parc national des Ecrins
70%
Spécialité Tourton
69%
Ancienne province Dauphiné
61%
Station de sports d'hiver Serre Chevalier
61%
Plus haut village de France Saint-Véran
55%
Champion du monde des rallyes Sébastien Ogier
51%
Village fortifié Montdauphin
48%
Région naturelle et parc régional Queyras
47%
Col de montagne Col du Lautaret
36%
Skieur et pilote de rallye Luc Alphand
31%
Abbaye Abbaye de Boscodon
25%
Ville Veynes
22%
Sommet Mont Pelvoux
16%
Aucun quiz correspondant
Distribution des résultats
% des personnes avec chaque résultat
Percentile par nombre de réponses
Votre historique - résultats
Vous n’avez pas pris ce quiz